000 00863mam a22003017a 4500
999 _c4034
_d4034
001 1550860
003 Nust
005 20170622101340.0
008 940429s1993 pk 000 0 urd
010 _a 93930805
020 _a9690010816 :
_cRs99.00
025 _aP-U-028695 14/1-182
035 _a(OCoLC)ocm30438477
035 _a(NNC)1550860
040 _aDLC
_cDLC
_dCUY
042 _alcode
082 _a891.4392
_bMUF
090 _aPK2200.M823
_bN59 1993
100 0 _aMumtāz Muftī.
_9370
245 1 0 _aNiẓām saqqah /
_cMumtāz Muftī.
260 _aLāhore :
_bFīrozsanz,
_c1993.
300 _a169 p. ;
_c22 cm.
500 _aPlays.
500 _aIn Urdu.
583 _aPreserved,
_iDeacidified,
_c2005
_jCranberry, PA
_kPreservation Technologies LP
_fNew York State Conservation/Preservation Project
_5NNC
880 _6100-01\(3\r
_aممتاز مفتی
880 _6245-02\(3\r
_aنظام سقہ
_cممتاز مفتی
880 _6260-03\(3\r
_aلاہور:
_bالفیصل ناشران و تاجران،
_c2008
942 _2ddc
_cBK